China and india in the age of globalization / (Record no. 15832)

000 -LEADER
fixed length control field 01933nam a2200301 a 4500
001 - CONTROL NUMBER
control field ASIN0521731364
005 - DATE AND TIME OF LATEST TRANSACTION
control field 20170105102926.0
008 - FIXED-LENGTH DATA ELEMENTS--GENERAL INFORMATION
fixed length control field 131212s2009 xxu eng d
020 ## - INTERNATIONAL STANDARD BOOK NUMBER
International Standard Book Number 0521731364 (paperback)
Terms of availability $32.99
020 ## - INTERNATIONAL STANDARD BOOK NUMBER
International Standard Book Number 9780521731362 (paperback)
040 ## - CATALOGING SOURCE
Original cataloging agency 0
050 04 - LIBRARY OF CONGRESS CALL NUMBER
Classification number HC427.9
082 04 - DEWEY DECIMAL CLASSIFICATION NUMBER
Classification number 303.48251
Author Mark SHA 2009
100 1# - MAIN ENTRY--PERSONAL NAME
Personal name Sharma, Shalendra D.
245 10 - TITLE STATEMENT
Title China and india in the age of globalization /
Statement of responsibility, etc. Shalendra D. Sharma.
250 ## - EDITION STATEMENT
Edition statement 1st ed.
260 ## - PUBLICATION, DISTRIBUTION, ETC.
Place of publication, distribution, etc. [S.l.] :
Name of publisher, distributor, etc. Cambridge University Press,
Date of publication, distribution, etc. 2009.
300 ## - PHYSICAL DESCRIPTION
Extent 336 p. ;
Dimensions 24 cm.
520 ## - SUMMARY, ETC.
Summary, etc. The rise of China and India is the story of our times. The unprecedented expansion of their economic and power capabilities raises profound questions for scholars and policymakers. What forces propelled these two Asian giants into global pacesetters, and what does their emergence mean for the United States and the world? With intimate detail, Shalendra D. Sharma's China and India in the Age of Globalization explores how the interplay of socio-historical, political, and economic forces has transformed these once poor agrarian societies into economic powerhouses. Yet, globalization is hardly a seamless process, as the vagaries and uncertainties of globalization also present risks and challenges. This book examines the challenges both countries face and what each must do to strike the balance between reaping the opportunities and mitigating the risks. For the United States, assisting a rising China to become a responsible global stakeholder and fostering peace and stability in the volatile subcontinent will be paramount in the coming years.
650 #0 - SUBJECT ADDED ENTRY--TOPICAL TERM
Topical term or geographic name entry element China
650 #0 - SUBJECT ADDED ENTRY--TOPICAL TERM
Topical term or geographic name entry element Economic history
650 #0 - SUBJECT ADDED ENTRY--TOPICAL TERM
Topical term or geographic name entry element Economic policy
650 #0 - SUBJECT ADDED ENTRY--TOPICAL TERM
Topical term or geographic name entry element Globalization
650 #0 - SUBJECT ADDED ENTRY--TOPICAL TERM
Topical term or geographic name entry element India
650 #0 - SUBJECT ADDED ENTRY--TOPICAL TERM
Topical term or geographic name entry element Relations (Canon law)
856 40 - ELECTRONIC LOCATION AND ACCESS
Materials specified Amazon.com
Uniform Resource Identifier <a href="http://www.amazon.com/exec/obidos/ASIN/0521731364/chopaconline-20">http://www.amazon.com/exec/obidos/ASIN/0521731364/chopaconline-20</a>
942 ## - ADDED ENTRY ELEMENTS (KOHA)
Source of classification or shelving scheme
Koha item type Book
Holdings
Withdrawn status Lost status Damaged status Not for loan Collection code Permanent Location Current Location Shelving location Date acquired Total Checkouts Full call number Barcode Date last seen Price effective from Koha item type
          Centre for International Peace & Stability (CIPS) Centre for International Peace & Stability (CIPS) General Stacks 10/02/2013   303.48251 SHA 2009 CIPS0001735 12/12/2013 12/12/2013 Book
© 2023 Central Library, National University of Sciences and Technology. All Rights Reserved.